English Business Dictionary anglicko-slovenský a slovensko-anglický malý slovník z oblasti obchodu a financií

Guardado en:
Detalles Bibliográficos
Autores principales: Tarábek, Ján, Tarábek, Pavol (Autor), Veljinová, Alena (Autor)
Formato: Libro
Lenguaje:inglés
Publicado: Bratislava Didaktis 1991
Edición:1. vyd.
Materias:
Acceso en línea:Ver en el OPAC
Etiquetas: Agregar Etiqueta
Sin Etiquetas, Sea el primero en etiquetar este registro!

MARC

LEADER 00000nam a2200000 a 4500
005 20260127134146.0
008 200104s1991 xo g d 00000 eng
015 |a SNBA1992/04 
020 |a 8085456036 
035 |a vtls001067377 
035 |a SNK000010207 
035 |a urn:nbn:sk:snk-am3hfl7 
035 |a F7951936-C69E-4321-A3E7-6FFF3070B079 
035 |a urn:nbn:sk:snk-am00cyl7 
039 9 |a 202001041056  |b VLOAD  |c 201709211454  |d msnk21  |c 201709111342  |d VLOAD  |c 201606241159  |d VLOAD  |y 200412240210  |z VLOAD 
040 |a SNK  |b slo  |c SNK  |d STUSCHK1  |d SNK  |e AACR2 
041 0 |a eng 
044 |a xo  |c SK 
080 |a 336.71+339(038)=20=854  |2 1981 
080 |a 339(038)=20=854  |2 1981 
080 |a 801.316.4=20=854  |2 1981 
100 1 |a Tarábek, Ján  |9 439 
245 1 0 |a English Business Dictionary  |b anglicko-slovenský a slovensko-anglický malý slovník z oblasti obchodu a financií  |c Ján Tarábek, Pavol Tarábek, Alena Veljinová 
250 |a 1. vyd. 
260 |a Bratislava  |b Didaktis  |c 1991  |e Most  |f Severografia 
300 |a 138 s.  |c 14 cm 
500 |a Lit. 11. 11 zázn. v češ., angl. a nemčine 
504 |a Bibliogr. odkazy 
650 0 7 |a obchod  |2 SNKPH 
650 0 7 |a bankovníctvo  |2 SNKPH 
655 7 |a terminologické slovníky  |2 SNKPH 
700 1 |a Tarábek, Pavol  |4 aut  |9 957 
700 1 |a Veljinová, Alena  |4 aut 
910 |a snk 
919 |a 80-85456-03-6 
958 |a TL 
958 |a NB 
999 |c 5439  |d 5439